| 000 | 00454nam a22001337a 4500 | ||
|---|---|---|---|
| 020 | _qHB. | ||
| 040 | _cFIZZA ISHAQ | ||
| 082 |
_a616.8526 _bCLA |
||
| 100 |
_aClaude-Pierre, Peggy. _9133962 |
||
| 245 |
_aThe Secret Language of Eating Disorders: The Revolutionary New Approach to Curing Anorexia and Bulimia / _c Peggy Claude-Pierre. |
||
| 260 |
_aNew York: _b Times Books, Random House, _c1997. |
||
| 300 |
_a288 p. ; _c9.5 x 6.4 inches |
||
| 942 |
_2ddc _cBK |
||
| 999 |
_c616871 _d616871 |
||